Villes plus grandes que leur préfecture - Mort Subite - Statistiques

Statistiques générales
  • Ce quiz a été pris 69 fois
  • Le résultat moyen est 6 sur 13
Answers on the Grid
Answers color-coded by a green-red scale on the quiz's grid according to % correct below.
Brest
Brive-la-Gaillarde
Calais
Cherbourg-en-Cotentin
Le Havre
Les Abymes
Meaux
Montluçon
Mulhouse
Saint-Denis (93)
Saint-Dizier
Soissons
Verdun
Bayonne
Béziers
Cannes
Compiègne
Corbeil-Essonnes
Lannion
Lens
Les Sables-d'Olonne
Millau
Montélimar
Saint-Dié-des-Vosges
Saint-Paul (974)
Sens
 
Statistiques - réponses
Réponse % Correct
Brest
77%
Le Havre
70%
Saint-Denis (93)
65%
Cherbourg-en-Cotentin
60%
Calais
53%
Brive-la-Gaillarde
51%
Mulhouse
51%
Meaux
44%
Verdun
44%
Les Abymes
35%
Saint-Dizier
35%
Montluçon
33%
Soissons
28%
Aucun quiz correspondant
Distribution des résultats
% des personnes avec chaque résultat
Percentile par nombre de réponses
Votre historique - résultats
Vous n’avez pas pris ce quiz